| 000 | 00966cam a2200253 a 4500 | ||
|---|---|---|---|
| 001 | 356600 | ||
| 003 | OSt | ||
| 005 | 20150408113825.0 | ||
| 008 | 970810s1994 le g 00000 ara c | ||
| 020 | _a274510652ْ | ||
| 040 |
_amu _bara _cmb |
||
| 082 | 0 | 4 |
_a250 _221 |
| 100 | 1 |
_aالجندي، فريد عبد العزيز _95257 |
|
| 245 | 1 | 0 |
_aجامع الأحكام الفقهية للإمام القرطبي من تفسيره / _cجمع وتصنيف فريد عبد العزيز الجندي. |
| 250 | _aط. 1. | ||
| 260 |
_aبيروت : _bدار الكتب العلمية، _c2005 |
||
| 300 |
_a3 مج. ؛ _c24 سم. |
||
| 630 | 2 | 4 |
_aالقرآن _xتفاسير _2aucut |
| 650 | 7 |
_aالفقه الإسلامي _2aucsh |
|
| 650 | 7 |
_aالفقه الشافعي _2aucsh _9987 |
|
| 700 | 1 | 2 |
_aالقرطبي، محمد بن أحمد بن أبي بكر، _dت. 671 هـ. _tتفسير القرطبي. _95258 |
| 740 | 0 | 2 | _aتفسير القرطبي. |
| 942 |
_2ddc _cBOOK |
||
| 999 |
_c7635 _d242135 |
||